| Tag |
First Indicator |
Second Indicator |
Subfields |
| LEADER |
00000cam a2200000Ka 4500 |
| 001 |
in00002484792 |
| 005 |
20211202190933.0 |
| 006 |
m d f |
| 008 |
090226s2005 dcu s f000 0 eng d |
| 035 |
|
|
|a (OCoLC)ocn310976884
|
| 040 |
|
|
|a GPO
|c GPO
|d MvI
|d UtOrBLW
|
| 043 |
|
|
|a n-us-ar
|
| 049 |
|
|
|a WWW
|
| 074 |
|
|
|a 0612-C (online)
|
| 086 |
0 |
|
|a I 49.44/2:C 11/3
|
| 245 |
0 |
0 |
|a Cache River National Wildlife Refuge bird list /
|c U.S. Fish & Wildlife Service.
|
| 264 |
|
1 |
|a [Washington, D.C.] :
|b U.S. Fish and Wildlife Service,
|c [2005]
|
| 300 |
|
|
|a 16 unnumbered pages :
|b digital, PDF file.
|
| 336 |
|
|
|a text
|b txt
|2 rdacontent
|
| 337 |
|
|
|a computer
|b c
|2 rdamedia
|
| 338 |
|
|
|a unspecified
|b zu
|2 rdacarrier
|
| 538 |
|
|
|a Mode of access: Internet from the FWS web site. Address as of 2/26/09: http://www.fws.gov/southeast/pubs/cacheriver%5Fbird.pdf ; current access is available via PURL.
|
| 500 |
|
|
|a Title from title screen (viewed Feb. 26, 2009).
|
| 500 |
|
|
|a "August 2005."
|
| 500 |
|
|
|a Electronic resource.
|
| 650 |
|
0 |
|a Birds
|z Arkansas
|z Cache River National Wildlife Refuge.
|
| 651 |
|
0 |
|a Cache River National Wildlife Refuge (Ark.)
|
| 710 |
2 |
|
|a U.S. Fish and Wildlife Service.
|
| 856 |
4 |
0 |
|u https://purl.fdlp.gov/GPO/LPS109429
|t 0
|
| 999 |
|
|
|a MARS
|
| 999 |
f |
f |
|s 5defdaba-f1e3-312c-80bb-0b5257b1739f
|i 946bda9b-74df-3b36-afdd-e9fe420c9a69
|t 0
|
| 952 |
f |
f |
|a Texas A&M University
|b College Station
|c Electronic Resources
|d Available Online
|t 0
|e I 49.44/2:C 11/3
|h Superintendent of Documents classification
|
| 998 |
f |
f |
|a I 49.44/2:C 11/3
|t 0
|l Available Online
|